000 00518nam a22002177a 4500
003 UA-OsUOA
001 35813
007 ta
008 20051215b un ||||| |||| 00| 0 ukr d
090 _a1(091)
_bВ-11
942 _cBK
040 _aUA-OsUOA
_bukr
_cUA-OsUOA
_dUA-OsUOA
245 _aВехи из глубины
300 _a608 с.
955 _a2
041 _aukr
080 _a1(091)
260 _aМ.
_bПравда
_c1991
650 7 _a1(091) Історія філософії
_2UDC
999 _c286296
_d286296